Умершие по Годам — Новейшее Время - Statistics

General Stats
  • This quiz has been taken 20 times
  • The average score is 64 of 112
Answer Stats
Picture Hint Answer % Correct
1916 (прозорливец)
фаворит царской семьи
Григорий Распутин
100%
2022 (монархиня)
Боже, храни Королеву!
Елизавета II
100%
1924 (революционер)
Великая Октябрьская революция
Владимир Ленин
94%
1943 (изобретатель)
переменный ток
Никола Тесла
94%
1944 (писатель)
"Маленький принц"
Антуан де Сент-Экзюпери
94%
1948 (активист)
"ненасильственное сопротивление"
Махатма Ганди
94%
1953 (политик)
"социализм в отдельно взятой стране"
Иосиф Сталин
94%
1962 (актриса)
"В джазе только девушки"
Мэрилин Монро
94%
1966 (мультипликатор)
"Белоснежка и семь гномов"
Уолт Дисней
94%
1976 (писательница)
"Убийство в Восточном экспрессе"
Агата Кристи
94%
1984 (политик)
"Мать-Индира"
Индира Ганди
94%
1997 (общественная деятельница)
"Королева сердец"
Принцесса Диана
94%
2007 (политик)
первый президент РФ
Борис Ельцин
94%
2009 (певец)
"Thriller"
Майкл Джексон
94%
1918 (монарх)
последний русский царь
Николай II
94%
1923 (инженер)
башня для Всемирной выставки в Париже
Гюстав Эйфель
88%
1932 (писатель)
"Алые паруса"
Александр Грин
88%
1934 (учёная)
радиоактивность
Мария Склодовская-Кюри
88%
1939 (психолог)
Ид, Эго и Суперэго
Зигмунд Фрейд
88%
1955 (учёный)
теория относительности
Альберт Эйнштейн
88%
1963 (политик)
убийство в Далласе
Джон Кеннеди
88%
1967 (революционер)
Кубинская революция
Эрнесто Че Гевара
88%
1968 (активист)
"У меня есть мечта..."
Мартин Лютер Кинг-младший
88%
1974 (полководец)
маршал Советского Союза
Георгий Жуков
88%
1977 (певец)
король рок-н-ролла
Элвис Пресли
88%
1989 (художник)
"Постоянство памяти"
Сальвадор Дали
88%
1991 (певец)
"The Show Must Go On"
Фредди Меркьюри
88%
2011 (предприниматель)
Apple
Стив Джобс
88%
2018 (учёный)
"Краткая история времени"
Стивен Хокинг
88%
1930 (писатель)
Шерлок Холмс
Артур Конан Дойл
81%
1940 (политик)
"Новый курс"
Лев Троцкий
81%
1950 (писатель)
1984
Джордж Оруэлл
81%
1961 (писатель)
"Старик и море"
Эрнест Хемингуэй
81%
1965 (политик)
Фултонская речь
Уинстон Черчилль
81%
1980 (музыкант)
"Imagine"
Джон Леннон
81%
1914 (королевская особа)
убийство в Сараево
Эрцгерцог Франц Фердинанд
75%
1922 (изобретатель)
телефон
Александр Белл
75%
1931 (изобретатель)
электрическая лампочка
Томас Эдисон
75%
1938 (политик)
основатель Турецкой Республики
Мустафа Кемаль Ататюрк
75%
1994 (музыкант)
"Smells Like Teen Spirit"
Курт Кобейн
75%
1999 (режиссёр)
"Сияние"
Стэнли Кубрик
75%
2006 (политик)
война в Ираке
Саддам Хусейн
75%
2020 (футболист)
"Гол столетия"
Диего Марадона
75%
1919 (политик)
Панамский канал
Теодор Рузвельт
69%
1927 (танцовщица)
бывшая супруга Есенина
Айседора Дункан
69%
1947 (предприниматель)
модель "Т"
Генри Форд
69%
1969 (политик)
Коммунистическая партия Вьетнама
Хо Ши Мин
69%
2013 (политик)
Африканский национальный конгресс
Нельсон Мандела
69%
2015 (актёр)
Саруман
Кристофер Ли
69%
1954 (художница)
"Раненый олень"
Фрида Кало
63%
1973 (художник)
"Герника"
Пабло Пикассо
63%
1981 (музыкант)
регги
Боб Марли
63%
1996 (рэпер)
"California Love"
Тупак Шакур
63%
1998 (певец)
"Fly Me to the Moon"
Фрэнк Синатра
63%
2002 (писательница)
"Карлсон, который живёт на крыше"
Астрид Линдгрен
63%
2025 (религиозный деятель)
Папа Римский из Аргентины
Франциск
63%
1917 (куртизанка)
обвинение в шпионаже
Мата Хари
56%
1928 (исследователь) покорение Южного полюса Руаль Амундсен
56%
1936 (писатель)
"Книга джунглей"
Редьярд Киплинг
56%
1946 (писатель)
"Война миров"
Герберт Джордж Уэллс
56%
1956 (писатель)
"Винни-Пух"
Алан Милн
56%
2004 (актёр)
дон Корлеоне
Марлон Брандо
56%
2010 (писатель)
"Над пропастью во ржи"
Джером Дэвид Сэлинджер
56%
1929 (изобретатель)
изобретатель автомобиля из Германии
Карл Бенц
50%
1945 (писательница)
"В убежище"
Анна Франк
50%
1992 (писатель)
"Я, робот"
Айзек Азимов
50%
2012 (певица)
"I Will Always Love You"
Уитни Хьюстон
50%
2021 (королевская особа)
герцог Эдинбургский
Принц Филипп
50%
2005 (религиозный деятель)
Папа Римский из Польши
Иоанн Павел II
50%
1926 (художник)
"Кувшинки"
Клод Моне
44%
1937 (общественный деятель)
Олимпийские игры современности
Пьер де Кубертен
44%
1964 (политик)
первый премьер-министр Индии
Джавахарлал Неру
44%
1971 (музыкант)
"What a Wonderful World"
Луи Армстронг
44%
1982 (актриса)
принцесса Монако
Грейс Келли
44%
1985 (активистка)
американская девочка в Артеке
Саманта Смит
44%
1987 (художник)
поп-арт
Энди Уорхол
44%
2001 (писательница)
Муми-тролли
Туве Янссон
44%
2016 (спортсмен)
"Грохот в джунглях"
Мухаммад Али
44%
1925 (революционер)
Синхайская революция
Сунь Ятсен
38%
1951 (политик)
Первая леди Аргентины
Эва Перон
38%
1988 (предприниматель)
Формула-1
Энцо Феррари
38%
2008 (актёр)
Джокер
Хит Леджер
38%
2019 (модельер)
Fendi
Карл Лагерфельд
38%
2024 (актриса)
Минерва Макгонагалл
Мэгги Смит
38%
1941 (писательница)
"На маяк"
Вирджиния Вульф
31%
1942 (педагог)
Варшавский приют для сирот
Януш Корчак
31%
1959 (музыкант)
"День, когда умерла музыка"
Бадди Холли
31%
1960 (актёр)
Рэтт из "Унесённых ветром"
Кларк Гейбл
31%
2014 (актёр)
"Миссис Даутфайр"
Робин Уильямс
31%
2017 (певец)
Linkin Park
Честер Беннингтон
31%
2023 (singer)
"What's Love Got to Do with It?"
Тина Тёрнер
31%
1920 (журналист)
Коммунистическая партия Америки
Джон Рид
25%
1957 (политик)
Охота на ведьм
Джозеф Маккарти
25%
1970 (музыкант)
Вудстокский фестиваль
Джими Хендрикс
25%
1986 (писательница)
"Второй пол"
Симона де Бовуар
25%
1993 (актриса)
"Завтрак у Тиффани"
Одри Хепбёрн
25%
1975 (монарх)
последний император Эфиопии
Хайле Селассие I
25%
1978 (политик)
война 1973 года
Голда Мейр
19%
2003 (певец)
"Folsom Prison Blues"
Джонни Кэш
19%
1915 (композитор)
"Прометей, или Поэма огня"
Александр Скрябин
13%
1933 (политик)
Великая Депрессия
Кальвин Кулидж
13%
1951 (предприниматель)
Фольксваген "Жук"
Фердинанд Порше
13%
1958 (учёная)
структура ДНК
Розалинд Франклин
13%
1972 (политик)
президент Ганы
Кваме Нкрума
13%
1990 (писатель)
"Чарли и Шоколадная фабрика"
Роальд Даль
13%
1921 (композитор)
"Карнавал животных"
Камиль Сен-Санс
6%
1935 (писатель)
"Огонь"
Анри Барбюс
6%
1949 (режиссёр)
"Унесённые ветром"
Виктор Флеминг
6%
1979 (политик)
Южнокорейское экономическое чудо
Пак Чон Хи
6%
1995 (политик)
соглашения Осло
Ицхак Рабин
6%
2000 (политик)
премьер-министр Канады
Пьер Трюдо
6%
1983 (художник комиксов)
"Приключения Тинтина"
Эрже
0%
No matching quizzes found
Score Distribution
Percent of People with Each Score
Percentile by Number Answered
Your Score History
You have not taken this quiz